Celebrity Inductees to the WWE Hall of Fame - Statistics

General Stats
  • This quiz has been taken 109 times
  • The average score is 8 of 12
Answer Stats
Picture Answer % Correct
Donald Trump
100%
Snoop Dogg
99%
Mike Tyson
95%
Arnold Schwarzenegger
91%
Mr. T
74%
William "The Refigerator" Perry
74%
Ozzy Osbourne
69%
Kid Rock
55%
Drew Carey
53%
William Shatner
53%
Pete Rose
52%
Bob Uecker
28%
No matching quizzes found
Score Distribution
Percent of People with Each Score
Percentile by Number Answered
Your Score History
You have not taken this quiz